LEADER 00637naa a2200133 i 4500 001 000000297672 003 CaOOAMICUS 005 20180831172609.0 008 180831n it u000 u ita u 013 $a36208 040 $aSeMil$bita 245 10$aQuei del buon tuono al tribunale di Dante :$bscherzo satirico moralissimo. 773 0 $tVol. 6.$kTesoro cattolico. Classe 3., Eloquenza, letteratura e varietà : scelta di opere antiche e moderne atte a sanar le piaghe religiose e politiche che affliggono l'odierna società$w()246598 996 $6245$aQuei del buon tuono al tribunale di Dante :$bscherzo satirico moralissimo$9(OLS)http://semarc/title/372919 LEADER 01002nam a2200205 4500 001 000000366111 003 CaOOAMICUS 005 20260123093125.0 008 260123s1887 it 000 u ita r 040 $aSeMil$bita 245 00$aAvventure dei missionari salesiani in un viaggio al Chili :$bracconto ameno ed edificante /$cper cura del sac. G. B. Lemoyne. 264 1$aTorino :$bTipografia e Libreria Salesiana,$c1887. 300 $a154 p. ;$c17 cm 650 4$aSalesiani - Missioni - Cile.$0(OLS)http://semarc/subject/59378 700 1 $aLemoyne, Giovanni Battista,$c,$ecuratore.$0(OLS)http://semarc/name/10665 850 $aSeMil 852 $aSeMil$W1$xVenegono$y1$m5D IV 7/1$j266553$B256878$CSeMilBibl$Z2$F256878 $8I 996 $6245$aAvventure dei missionari salesiani in un viaggio al Chili :$bracconto ameno ed edificante$9(OLS)http://semarc/title/457801 996 $6264$aTorino :$bTipografia e Libreria Salesiana$9(OLS)http://semarc/publisher/36803